<?xml version="1.0" encoding="UTF-8"?><?xml-stylesheet type="text/xsl" href="static/style.xsl"?><OAI-PMH xmlns="http://www.openarchives.org/OAI/2.0/" xmlns:xsi="http://www.w3.org/2001/XMLSchema-instance" xsi:schemaLocation="http://www.openarchives.org/OAI/2.0/ http://www.openarchives.org/OAI/2.0/OAI-PMH.xsd"><responseDate>2026-04-17T12:51:01Z</responseDate><request verb="GetRecord" identifier="oai:www.recercat.cat:2072/487497" metadataPrefix="marc">https://recercat.cat/oai/request</request><GetRecord><record><header><identifier>oai:recercat.cat:2072/487497</identifier><datestamp>2025-10-05T14:39:04Z</datestamp><setSpec>com_2072_98</setSpec><setSpec>col_2072_378192</setSpec></header><metadata><record xmlns="http://www.loc.gov/MARC21/slim" xmlns:dcterms="http://purl.org/dc/terms/" xmlns:xsi="http://www.w3.org/2001/XMLSchema-instance" xmlns:doc="http://www.lyncode.com/xoai" xsi:schemaLocation="http://www.loc.gov/MARC21/slim http://www.loc.gov/standards/marcxml/schema/MARC21slim.xsd">
   <leader>00925njm 22002777a 4500</leader>
   <datafield ind2=" " ind1=" " tag="042">
      <subfield code="a">dc</subfield>
   </datafield>
   <datafield ind2=" " ind1=" " tag="720">
      <subfield code="a">De Gamboa, Genaro</subfield>
      <subfield code="e">author</subfield>
   </datafield>
   <datafield ind2=" " ind1=" " tag="720">
      <subfield code="a">Caviedes, Sofía</subfield>
      <subfield code="e">author</subfield>
   </datafield>
   <datafield ind2=" " ind1=" " tag="720">
      <subfield code="a">Badillo Jiménez, Edelmira Rosa</subfield>
      <subfield code="e">author</subfield>
   </datafield>
   <datafield ind2=" " ind1=" " tag="260">
      <subfield code="c">2024</subfield>
   </datafield>
   <datafield ind2=" " ind1=" " tag="520">
      <subfield code="a">Las diferentes caracterizaciones propuestas para el sentido numérico coinciden en la necesidad de promover el establecimiento de conexiones para el uso estratégico de los números racionales por parte de los estudiantes. El presente estudio sigue un diseño de estudio de casos dónde se analizan ocho sesiones de clase de un grupo de estudiantes de 12-13 años que estudian los números decimales. Los resultados muestran una relación entre la emergencia de tipos específicos de conexiones matemáticas y el posible desarrollo de componentes específicas del sentido numérico en los estudiantes. Se señala una especial relevancia de las conexiones de tipo "justificación" en la construcción de aspectos fundamentales del sentido numérico y se discuten oportunidades para refinar modelos de referencia de las conexiones matemáticas.</subfield>
   </datafield>
   <datafield ind2=" " ind1=" " tag="520">
      <subfield code="a">Several characterizations proposed for number sense coincide in the need to promote the establishment of connections for the strategic use of rational numbers by students. This study follows a case study design for the analysis of eight class sessions of a group of 12-13-year-old students who study decimal numbers. Results show a relationship between the emergence of specific types of mathematical connections and the possible development of specific components of number sense in students. A special relevance of "justification" type connections is pointed out in the construction of fundamental aspects of number sense. Opportunities to refine reference models of mathematical connections are also discussed.</subfield>
   </datafield>
   <datafield ind1="8" ind2=" " tag="024">
      <subfield code="a">http://hdl.handle.net/2072/487497</subfield>
   </datafield>
   <datafield tag="653" ind2=" " ind1=" ">
      <subfield code="a">Decimal numbers</subfield>
   </datafield>
   <datafield tag="653" ind2=" " ind1=" ">
      <subfield code="a">Mathematical connections</subfield>
   </datafield>
   <datafield tag="653" ind2=" " ind1=" ">
      <subfield code="a">Number sense</subfield>
   </datafield>
   <datafield tag="653" ind2=" " ind1=" ">
      <subfield code="a">Rational numbers</subfield>
   </datafield>
   <datafield tag="653" ind2=" " ind1=" ">
      <subfield code="a">Secondary education</subfield>
   </datafield>
   <datafield ind2="0" ind1="0" tag="245">
      <subfield code="a">El papel de las conexiones intra-matemáticas en el aprendizaje de los números decimales</subfield>
   </datafield>
</record></metadata></record></GetRecord></OAI-PMH>